00339pab a2200121 454500008004000000100001800040245008500058260000900143300001100152650001000163700001700173773002700190180718b1988 xxu||||| |||| 00| 0 eng d aSmith, Ken R. aPassage through midlifebWomen's changing family roles and economic well - being c1988 a503-24 aWomen aPhyllis Moen aSociological Quarterly